000 00543nam a2200193Ia 4500
003 OSt
005 20260105160839.0
008 008 250505s9999 xx 000 0 hin d
037 _aTextbook
040 _aFEDL
_beng
_cFEDL
041 _ahin
_2eng
082 _a181.403, SHU
100 _aShukla Dinanath
_9774508
245 0 _aBhartiya darshan paribhasha kosh
260 _aDelhi, India
_bPratibha Prakashan
_c1993
300 _axii,296p
942 _cTB
_h181.403, SHU
_2ddc
_n0
999 _c1379619
_d1379619